Country Wordle #4 - Statistics

General Stats
  • This quiz has been taken 714 times
  • The average score is 19 of 24
Answer Stats
Answer % Correct
Japan
90%
Spain
86%
Libya
85%
China
84%
Egypt
83%
Niger
83%
Benin
82%
Ghana
82%
Nauru
82%
Palau
82%
Syria
82%
Tonga
81%
Chile
80%
Haiti
80%
Nepal
80%
Samoa
80%
Yemen
80%
Gabon
79%
Italy
79%
Kenya
79%
Malta
78%
Qatar
77%
Sudan
76%
India
74%
No matching quizzes found
Score Distribution
Percent of People with Each Score
Percentile by Number Answered
Your Score History
You have not taken this quiz